Normal view
MARC view
- Lakshmi Lal
Entry Personal Name
001 - CONTROL NUMBER
- control field: 27269
003 - CONTROL NUMBER IDENTIFIER
- control field: NUST
005 - DATE AND TIME OF LATEST TRANSACTION
- control field: 20200101093809.0
008 - FIXED-LENGTH DATA ELEMENTS
- fixed length control field: 200101|| aca||aabn | a|a d
040 ## - CATALOGING SOURCE
- Original cataloging agency: NUST
- Transcribing agency: NUST
100 ## - HEADING--PERSONAL NAME
- Personal name: Lakshmi Lal
670 ## - SOURCE DATA FOUND
- Source citation: Work cat.: (NUST): Lakshmi Lal, The Ramayana, c2006
